000 00340nam a2200145Ia 4500
008 230718s9999 xx 000 0 und d
041 _aEng.
082 _a614.1
_bMOD-M
100 _aModi, N.J
245 0 _aModi's Medical Jurisfidon
260 _aPakistan
_bCivil and Clinipal (om
_c2003
300 _a587
650 _aLaw
999 _c26586
_d26586